[Event "Nuremberg Zabo op 23rd"]
[Site "Nuremberg"]
[Date "2023.09.17"]
[Round "4"]
[White "Martick, Ralph"]
[Black "Isbilir, Levin"]
[Result "0-1"]
[WhiteElo "1631"]
[BlackElo "1930"]
[PlyCount "78"]
[EventDate "2023.09.15"]
[EventType "swiss"]
[EventRounds "5"]
[EventCountry "GER"]
[SourceTitle "EXT 2024"]
[Source "ChessBase"]
[SourceDate "2023.10.10"]
[SourceVersion "1"]
[SourceVersionDate "2023.10.10"]
[SourceQuality "1"]

1. e4 c5 2. d4 cxd4 3. c3 Nf6 4. e5 Nd5 5. Nf3 Nc6 6. cxd4 d6 7. exd6 Qxd6 8. Be3 Bg4 9. Be2 e6 10. 0-0 Be7 11. h3 Bh5 12. Nbd2 0-0 13. Nb3 Rfd8 14. Nfd2 Bxe2 15. Qxe2 Qd7 16. Rac1 Rac8 17. Rfd1 b6 18. Nf3 Bf6 19. Nbd2 Be7 20. a3 f6 21. Nc4 Bd6 22. Rd2 Na5 23. Rdc2 Nxc4 24. Rxc4 Rxc4 25. Qxc4 Ne7 26. Qe2 Rc8 27. Qe1 Nd5 28. Rxc8+ Qxc8 29. Qc1 Qxc1+ 30. Bxc1 Bf4 31. Bxf4 Nxf4 32. h4 Kf7 33. g3 Nd3 34. b3 Ke7 35. Kf1 Kd6 36. Ke2 Nc1+ 37. Ke3 Nxb3 38. Kd3 Kd5 39. Kc3 Ke4 0-1